000 00234nam a2200097Ia 4500
005 20251222114405.0
008 251222s1900||||xx |||||||||||||| ||spa||
082 _aDVD0120/V86/1985
245 0 _aMisa de la Coronación K.317:
942 _cDVD
999 _c1813
_d1813